[Event "RUS Ch sf"]
[Site "Orel"]
[Date "1992.??.??"]
[Round "?"]
[White "Nevostrujev, Vladimir"]
[Black "Filipenko, Alexander V"]
[Result "1-0"]
[WhiteElo "2385"]
[BlackElo "2375"]
[PlyCount "51"]
[EventDate "1992.??.??"]
[Source "www.chesslib.no"]
[SourceDate "2004.05.04"]

1. e4 c5 2. Nf3 Nc6 3. d4 cxd4 4. Nxd4 Nf6 5. Nc3 d6 6. Bg5 e6 7. f4 Qb6 8. Nb3 a6 9. Qd2 Qc7 10. O-O-O Bd7 11. Be2 Be7 12. Bxf6 gxf6 13. Bh5 O-O 14. g4 b5 15. h4 b4 16. Ne2 a5 17. Nbd4 Nxd4 18. Nxd4 a4 19. Kb1 Rfc8 20. g5 a3 21. Qg2 Kf8 22. Rhg1 fxg5 23. fxg5 axb2 24. Qf3 f5 25. gxf6 Qc4 26. Rg8+ 1-0

[Event "AUT Team Ch"]
[Site "Austria"]
[Date "1994.??.??"]
[Round "?"]
[White "Herzog, Adolf"]
[Black "Wittmann, Walter"]
[Result "1-0"]
[WhiteElo "2350"]
[BlackElo "2410"]
[PlyCount "59"]
[EventDate "1994.??.??"]
[Source "www.chesslib.no"]
[SourceDate "2004.05.04"]

1. e4 c5 2. Nf3 d6 3. d4 cxd4 4. Nxd4 Nf6 5. Nc3 Nc6 6. Bg5 e6 7. Be2 Be7 8. O-O O-O 9. Kh1 Bd7 10. f4 Nxd4 11. Qxd4 Bc6 12. Rad1 a6 13. Rd3 b5 14. Rg3 Kh8 15. a3 e5 16. Qe3 Nd7 17. Rh3 exf4 18. Bxf4 Ne5 19. Bxe5 dxe5 20. Rf5 Bd7 21. Bg4 f6 22. Nd5 Rc8 23. c3 Rc4 24. Qe2 Be8 25. Rff3 Bf7 26. Bf5 g6 27. Qd2 Bxd5 28. Rxh7+ Kxh7 29. Rh3+ Kg8 30. Qh6 1-0

[Event "AZ Sanace Cup"]
[Site "Olomouc"]
[Date "1998.08.11"]
[Round "4"]
[White "Betko, Lubomir"]
[Black "Manik, Mikulas"]
[Result "1/2-1/2"]
[WhiteElo "2300"]
[BlackElo "2455"]
[PlyCount "103"]
[EventDate "1998.08.08"]
[Source "ChessBase"]
[SourceDate "1998.11.30"]

1. e4 c5 2. Nf3 Nc6 3. d4 cxd4 4. Nxd4 Nf6 5. Nc3 d6 6. Bg5 e6 7. Bb5 Bd7 8. Bxc6 bxc6 9. Qf3 c5 10. Nb3 h6 11. Bh4 c4 12. Nd2 Rc8 13. O-O-O Be7 14. e5 dxe5 15. Bxf6 gxf6 16. Nde4 f5 17. Nd6+ Bxd6 18. Rxd6 e4 19. Qd1 Qg5+ 20. Kb1 Bc6 21. Qd4 O-O 22. Rd1 a6 23. h3 Kh7 24. g4 Rfe8 25. Rxc6 Rxc6 26. Nxe4 fxe4 27. Qxe4+ Kg7 28. Qxc6 Rd8 29. Rxd8 Qxd8 30. Qf3 e5 31. a3 Qd2 32. Qe4 f6 33. Qb7+ Kg6 34. Qf3 a5 35. h4 a4 36. h5+ Kf7 37. Qb7+ Ke6 38. Qc6+ Ke7 39. Qc5+ Kd7 40. Qb5+ Kd8 41. Qb6+ Kd7 42. Qxf6 Qd1+ 43. Ka2 Qxc2 44. Qf5+ Qxf5 45. gxf5 Ke7 46. Kb1 Kf6 47. Kc2 Kxf5 48. Kc3 Kg4 49. Kxc4 e4 50. Kd4 Kxh5 51. Kxe4 Kg4 52. f4 1/2-1/2

[Event "St Affrique op"]
[Site "St Affrique"]
[Date "1999.??.??"]
[Round "5"]
[White "Fontaine, Robert"]
[Black "Santo Roman, Marc"]
[Result "1/2-1/2"]
[WhiteElo "2369"]
[BlackElo "2381"]
[PlyCount "30"]
[EventDate "1999.??.??"]
[Source "www.chesslib.no"]
[SourceDate "2004.05.04"]

1. e4 c5 2. Nf3 Nc6 3. d4 cxd4 4. Nxd4 Nf6 5. Nc3 d6 6. Bg5 e6 7. Bb5 Bd7 8. Bxc6 bxc6 9. Qf3 Qa5 10. Bxf6 gxf6 11. Qxf6 Rg8 12. Qf3 Rb8 13. Nb3 Qa6 14. g3 c5 15. Rb1 Bg7 1/2-1/2